| 000 | 00484nam a22001577a 4500 | ||
|---|---|---|---|
| 008 | 250207b |||||||| |||| 00| 0 eng d | ||
| 020 | _a9781789856620 | ||
| 050 |
_aRS200 _b.P43 2020 |
||
| 245 |
_aPharmaceutical formulation design: _brecent practices / _cedited by Usama Ahmad and Juber Akhtar |
||
| 260 |
_aLondon: _bIntechopen, _c2020 |
||
| 300 | _ax, 151p. ; | ||
| 650 | _aDrug development | ||
| 700 |
_aAhmad, Usama _eEditor |
||
| 700 |
_aAhktar, Juber _eEditor |
||
| 942 |
_2lcc _cBK |
||
| 999 |
_c20629 _d20628 |
||